000 00622nam a2200193Ia 4500
003 LDD
008 190117s9999 xx 000 0 und d
020 _a9788180310655
_c₹500
040 _cLDD
041 _ahi
082 _a8H3.7 य69252झू
100 _aयशपाल
245 0 _aझूठा सच
_b वतन और देश
_cयशपाल
260 _aइलाहाबाद
_bलोकभारती प्रकाशन
_c2014
300 _a415p.
901 _aKGP
904 _aReqst by : jitendra kumar srivasta
942 _2ddc
_cH
999 _c167640
_d167640